ბათუმის შოთა რუსთაველის სახელმწიფო უნივერსიტეტის ბიბლიოთეკა

ქალაქის მელიები; ტავერნა "ათი სექტემბერი" / (ბიბ.ჩანაწერი № 39689)

000 -ლიდერი
ფიქსირებული სიგრძის საკონტროლო ველი 01659nam a2200289Ia 4500
001 - საკონტროლო ნომერი
საკონტროლო ველი 6292
003 - საკონტროლო ნომრის იდენტიფიკატორი
საკონტროლო ველი GE_BSU
005 - ბოლო ოპერაციის თარიღი და დრო
საკონტროლო ველი 20191031144401.0
008 - ფიქსირებული სიგრძის მონაცემთა ელემენტები - ზოგადი ინფორმაცია
ფიქსირებული სიგრძის საკონტროლო ველი 181216s2012||||ge |||||||||||||| ||geo||
020 ## - წიგნის საერთაშორისო სტანდარტული ნომერი
International Standard Book Number 9789941198670
040 ## - კატალოგიზაციის წყარო
Transcribing agency GE_BSU
041 ## - ენის კოდი
Language code of text/sound track or separate title geo
080 ## - უნივერსალური ათობითი კლასიფიკაციის ინდექსი
Universal Decimal Classification number 821.353.1-32 მ-85
100 ## - მთავარი ჩანაწერი - პიროვნების სახელი
Personal name მორჩილაძე, აკა
9 (RLIN) 229
245 ## - ცნობა სათაურის შესახებ
Title ქალაქის მელიები; ტავერნა "ათი სექტემბერი" /
Statement of responsibility, etc აკა მორჩილაძე; ავტ. ჯინა მელოი ; სავარაუდო ავტ. პიტერ ჯეფერსი; პროექტის იდეა ბესო ხვედელიძე ; სარედ. ჯგ.: ზაალ ჩხეიძე, მანანა ჯანელიძე, ირმა ხარშილაძე.
264 ## - წარმოების, გამოცემის, დისტრიბუციის და სხვა ცნობები
გამოცემის, წარმოების, დისტრიბუციის... ადგილი თბილისი :
გამოცემის, წარმოების, დისტრიბუციის... სახელწოდება პალიტრა L,
გამოცემის, წარმოების, დისტრიბუციის... თარიღი 2012.
300 ## - ფიზიკური აღწერა
Extent 200 გვ.;
Other physical details 20 სმ.
490 ## - სერიის ცნობა
Series statement ახალი ქართული ლიტერატურა,
Volume number/sequential designation წ. 20
International Standard Serial Number ISSN 2233-3010
500 ## - ზოგადი შენიშვნა
General note წაღმა-უკუღმა გამოცემა.
653 ## - INDEX TERM--UNCONTROLLED
Uncontrolled term მხატვრული ლიტერატურა
700 ## - ADDED ENTRY--PERSONAL NAME
Personal name ხვედელიძე, ბესო
Relator term პროექტის იდეა
9 (RLIN) 5186
700 ## - ADDED ENTRY--PERSONAL NAME
Personal name ჩხეიძე, ზაალ
Relator term რედაქტორი
9 (RLIN) 2244
700 ## - ADDED ENTRY--PERSONAL NAME
Personal name ჯანელიძე, მანანა
Relator term რედაქტორი
9 (RLIN) 1323
700 ## - ADDED ENTRY--PERSONAL NAME
Personal name ხარშილაძე, ირმა
Relator term რედაქტორი
9 (RLIN) 1324
942 ## - ADDED ENTRY ELEMENTS (KOHA)
Koha item type წიგნი
Source of classification or shelving scheme
ეგზემპლარები
ჩამოწერის სტატუსი დაკარგული ეგზემპლარის სტატუსი კლასიფიკაციის წყარო ან თაროზე გაწყობის სქემა დაზიანების სტატუსი არ გაიცემა მუდმივი მდებარეობა (დაცვის ადგილი) ამჟამინდელი ადგილსამყოფელი თაროზე განთავსების ადგილი შეძენის თარიღი ღირებულება, შესყიდვის ნორმალური ფასი სრული შენახვის შიფრი შტრიხკოდი ბოლო ოპერაციის თარიღი ეგზემპლარის მიმდევრობითი ნომერი (კეტერი?) ფასის ძალაში შესვლის თარიღი ეგზემპლარის სახეობა საჯარო შენიშვნა
          ბათუმის შოთა რუსთაველის სახელმწიფო უნივერსიტეტის მთავარი ბიბლიოთეკა ბათუმის შოთა რუსთაველის სახელმწიფო უნივერსიტეტის მთავარი ბიბლიოთეკა წიგნსაცავი 2018-12-17 3.00 821.353.1-32 მ-85 6641 2018-12-17 6641 2018-12-17 წიგნი 3 ლ.